[Event "Winnipeg Boxer Memorial"]
[Site "Winnipeg"]
[Date "2011.05.15"]
[Round "4"]
[White "Wasserman, Leor"]
[Black "Greenberg, Harley"]
[Result "1/2-1/2"]
[WhiteElo "1840"]
[BlackElo "1677"]
[PlyCount "46"]
[EventDate "2011.05.14"]
[EventType "swiss"]
[EventRounds "4"]
[EventCountry "CAN"]
[SourceTitle "EXT 2022"]
[Source "ChessBase"]
[SourceDate "2021.10.06"]
[SourceVersion "1"]
[SourceVersionDate "2021.10.06"]
[SourceQuality "1"]

1. e4 c5 2. Nf3 Nc6 3. d4 cxd4 4. Nxd4 Nf6 5. Nc3 e5 6. Nxc6 bxc6 7. Bc4 Bb4 8. Bg5 Bxc3+ 9. bxc3 0-0 10. 0-0 h6 11. Bh4 Bb7 12. Qf3 d5 13. exd5 e4 14. Qf5 cxd5 15. Rfd1 Qc8 16. Qxc8 Raxc8 17. Bxf6 gxf6 18. Bxd5 Bxd5 19. Rxd5 Rxc3 20. Rd2 Rfc8 21. Rc1 Ra3 22. c4 Rd3 23. Rb2 Rxc4 1/2-1/2

[Event "Winnipeg TNT April op"]
[Site "Winnipeg"]
[Date "2011.04.12"]
[Round "2"]
[White "Green, Aaron"]
[Black "Greenberg, Harley"]
[Result "1-0"]
[WhiteElo "2021"]
[BlackElo "1682"]
[PlyCount "73"]
[EventDate "2011.04.05"]
[EventType "swiss"]
[EventRounds "4"]
[EventCountry "CAN"]
[SourceTitle "EXT 2022"]
[Source "ChessBase"]
[SourceDate "2021.10.06"]
[SourceVersion "1"]
[SourceVersionDate "2021.10.06"]
[SourceQuality "1"]

1. e4 c5 2. Nc3 Nc6 3. Nf3 e5 4. Bc4 Nf6 5. Ng5 d5 6. exd5 Nd4 7. d3 Bd6 8. 0-0 0-0 9. a4 e4 10. Ngxe4 Ng4 11. f4 Qh4 12. h3 Re8 13. Nb5 Rxe4 14. dxe4 Qg3 15. hxg4 Bxg4 16. Qxg4 Qxg4 17. Nxd6 Nxc2 18. Rb1 Qg6 19. Nf5 Re8 20. Bb3 Nb4 21. Re1 h5 22. Bd2 Nd3 23. Re3 Nxf4 24. g3 Rxe4 25. Rxe4 Qxf5 26. Bc2 Nh3+ 27. Kg2 Qf2+ 28. Kxh3 Qf5+ 29. Kh2 Qf2+ 30. Kh3 Qf5+ 31. Kg2 Qxd5 32. Rd1 f5 33. Bc3 Qc6 34. Bb3+ Kh7 35. Bd5 Qg6 36. Re7 Qa6 37. Rxg7+ 1-0

[Event "Winnipeg Shpan Memorial"]
[Site "Winnipeg"]
[Date "2010.11.23"]
[Round "4"]
[White "Afolabi, Damola"]
[Black "Greenberg, Harley"]
[Result "1-0"]
[WhiteElo "1322"]
[BlackElo "1719"]
[PlyCount "51"]
[EventDate "2010.11.02"]
[EventType "swiss"]
[EventRounds "6"]
[EventCountry "CAN"]
[SourceTitle "EXT 2022"]
[Source "ChessBase"]
[SourceDate "2021.10.06"]
[SourceVersion "1"]
[SourceVersionDate "2021.10.06"]
[SourceQuality "1"]

1. g3 Nf6 2. Bg2 e5 3. e3 d5 4. Ne2 Nc6 5. b3 Bd6 6. Bb2 0-0 7. Nbc3 Be6 8. Nb5 Bc5 9. d4 exd4 10. Nexd4 Nxd4 11. Nxd4 Bg4 12. Qd3 Qd7 13. h3 Bh5 14. g4 Nxg4 15. hxg4 Qxg4 16. Bf3 Bb4+ 17. c3 Bg6 18. Bxg4 Bxd3 19. cxb4 f5 20. Be2 Bxe2 21. Nxe2 Rae8 22. Rg1 Rf7 23. Nf4 c6 24. Nh5 Ree7 25. Rxg7+ Rxg7 26. Nxg7 1-0

[Event "Winnipeg Shpan Memorial"]
[Site "Winnipeg"]
[Date "2010.11.16"]
[Round "3"]
[White "Milward, Dave"]
[Black "Greenberg, Harley"]
[Result "1/2-1/2"]
[WhiteElo "1736"]
[BlackElo "1719"]
[PlyCount "50"]
[EventDate "2010.11.02"]
[EventType "swiss"]
[EventRounds "6"]
[EventCountry "CAN"]
[SourceTitle "EXT 2022"]
[Source "ChessBase"]
[SourceDate "2021.10.06"]
[SourceVersion "1"]
[SourceVersionDate "2021.10.06"]
[SourceQuality "1"]

1. e4 c5 2. Nf3 e6 3. Nc3 a6 4. d4 cxd4 5. Nxd4 Qc7 6. Bd3 Nc6 7. Nb3 Bb4 8. Bd2 Nge7 9. 0-0 0-0 10. f4 d6 11. Qh5 f6 12. Rf3 Rf7 13. f5 g6 14. Qh4 Ne5 15. Rff1 Nxd3 16. fxe6 Bxe6 17. cxd3 Bxb3 18. axb3 Qb6+ 19. Kh1 Qd4 20. Ne2 Qxb2 21. Bxb4 Qxe2 22. Bxd6 Qxd3 23. Bxe7 Rxe7 24. Qxf6 Qxe4 25. h3 Qe6 1/2-1/2

[Event "Winnipeg Shpan Memorial"]
[Site "Winnipeg"]
[Date "2010.11.09"]
[Round "2"]
[White "Greenberg, Harley"]
[Black "Trueman, Francis"]
[Result "1-0"]
[WhiteElo "1719"]
[BlackElo "1557"]
[PlyCount "65"]
[EventDate "2010.11.02"]
[EventType "swiss"]
[EventRounds "6"]
[EventCountry "CAN"]
[SourceTitle "EXT 2022"]
[Source "ChessBase"]
[SourceDate "2021.10.06"]
[SourceVersion "1"]
[SourceVersionDate "2021.10.06"]
[SourceQuality "1"]

1. d4 Nf6 2. c4 d6 3. Nc3 g6 4. e4 Bg7 5. Be2 0-0 6. Nf3 Ne8 7. 0-0 Nd7 8. Be3 f5 9. Ng5 Nb6 10. c5 dxc5 11. Qb3+ c4 12. Bxc4+ Nxc4 13. Qxc4+ e6 14. exf5 Nd6 15. Qb3 gxf5 16. Nxe6 Bxe6 17. Qxe6+ Kh8 18. Bh6 Bxh6 19. Qxh6 Rf6 20. Qf4 Qg8 21. Rae1 Raf8 22. Re7 Rg6 23. Qe5+ Rff6 24. g3 c6 25. d5 Qc8 26. Re6 Qf8 27. dxc6 bxc6 28. Re1 Qh6 29. Rxd6 Kg8 30. Rxf6 Rxf6 31. Qe3 f4 32. Qe8+ Rf8 33. Qe6+ 1-0

[Event "Winnipeg TNT September op"]
[Site "Winnipeg"]
[Date "2010.09.14"]
[Round "2"]
[White "Joven, Perfecto"]
[Black "Greenberg, Harley"]
[Result "1-0"]
[WhiteElo "1963"]
[BlackElo "1732"]
[PlyCount "67"]
[EventDate "2010.09.07"]
[EventType "swiss"]
[EventRounds "4"]
[EventCountry "CAN"]
[SourceTitle "EXT 2022"]
[Source "ChessBase"]
[SourceDate "2021.10.06"]
[SourceVersion "1"]
[SourceVersionDate "2021.10.06"]
[SourceQuality "1"]

1. e4 c5 2. Nc3 Nc6 3. d3 e6 4. g3 d5 5. Bg2 d4 6. Nce2 e5 7. f4 f6 8. Nf3 Nh6 9. 0-0 Be6 10. fxe5 Nxe5 11. Nf4 Bg4 12. h3 Nxf3+ 13. Bxf3 Bxf3 14. Qxf3 Bd6 15. Nd5 Nf7 16. Qg4 Qd7 17. Qxd7+ Kxd7 18. Bf4 a5 19. h4 Rhf8 20. a3 b5 21. Kg2 Nh8 22. Bxd6 Kxd6 23. Rf5 Ng6 24. Rh5 Ne5 25. Rxh7 Rf7 26. Rf1 Raf8 27. Rf5 b4 28. Rf2 c4 29. c3 f5 30. Nf4 fxe4 31. dxe4 Ng6 32. Nd3 Ne5 33. Nf4 Ng6 34. Rh5 1-0

[Event "Winnipeg TNT June op"]
[Site "Winnipeg"]
[Date "2010.06.15"]
[Round "3"]
[White "Czarny, Keith"]
[Black "Greenberg, Harley"]
[Result "1/2-1/2"]
[WhiteElo "1590"]
[BlackElo "1766"]
[PlyCount "52"]
[EventDate "2010.06.01"]
[EventType "swiss"]
[EventRounds "5"]
[EventCountry "CAN"]
[SourceTitle "EXT 2022"]
[Source "ChessBase"]
[SourceDate "2021.10.06"]
[SourceVersion "1"]
[SourceVersionDate "2021.10.06"]
[SourceQuality "1"]

1. c4 Nf6 2. Nf3 e6 3. d4 b6 4. Bg5 Bb7 5. Nc3 Bb4 6. Qb3 c5 7. dxc5 Bxc5 8. Rd1 0-0 9. Nb5 Nc6 10. Nd6 Bb4+ 11. Rd2 Bxd2+ 12. Nxd2 Na5 13. Qg3 h6 14. Bxh6 Nh5 15. Qg4 Qf6 16. Bg5 Qxb2 17. e3 Nf6 18. Bxf6 Qxf6 19. Bd3 Qc3 20. Ke2 f5 21. Qf4 e5 22. Qg5 e4 23. Bb1 Ba6 24. N6xe4 fxe4 25. Qd5+ Kh8 26. Qh5+ Kg8 1/2-1/2

[Event "Winnipeg TNT March op"]
[Site "Winnipeg"]
[Date "2010.03.23"]
[Round "4"]
[White "Letain, Cory"]
[Black "Greenberg, Harley"]
[Result "0-1"]
[WhiteElo "1621"]
[BlackElo "1762"]
[PlyCount "42"]
[EventDate "2010.03.02"]
[EventType "swiss"]
[EventRounds "4"]
[EventCountry "CAN"]
[SourceTitle "EXT 2022"]
[Source "ChessBase"]
[SourceDate "2021.10.06"]
[SourceVersion "1"]
[SourceVersionDate "2021.10.06"]
[SourceQuality "1"]

1. d4 Nf6 2. c4 e6 3. Nf3 c5 4. d5 exd5 5. cxd5 d6 6. e4 g6 7. Qa4+ Bd7 8. Bb5 Bg7 9. 0-0 0-0 10. Nc3 Qb6 11. Re1 a6 12. Bxd7 Nbxd7 13. Bf4 Rfe8 14. Rab1 Qc7 15. Qc2 b5 16. b4 cxb4 17. Rxb4 Rac8 18. Bd2 Ng4 19. Rc1 Qc5 20. Rb3 Nxf2 21. Be3 Qxe3 0-1

[Event "Winnipeg TNT January op"]
[Site "Winnipeg"]
[Date "2010.01.26"]
[Round "4"]
[White "Green, Jim"]
[Black "Greenberg, Harley"]
[Result "1/2-1/2"]
[WhiteElo "1792"]
[BlackElo "1741"]
[PlyCount "67"]
[EventDate "2010.01.05"]
[EventType "swiss"]
[EventRounds "4"]
[EventCountry "CAN"]
[SourceTitle "EXT 2011"]
[Source "ChessBase"]
[SourceDate "2010.11.26"]
[SourceVersion "1"]
[SourceVersionDate "2010.11.26"]
[SourceQuality "1"]

1. e4 c5 2. Nf3 d6 3. Bb5+ Bd7 4. Bxd7+ Nxd7 5. 0-0 g6 6. c3 c4 7. d4 cxd3 8. Qxd3 Ngf6 9. Qe2 Bg7 10. Rd1 Qc7 11. Nd4 a6 12. f3 0-0 13. Kh1 b5 14. Nc2 Rfc8 15. Bg5 Qc5 16. Qe3 Ne5 17. Qxc5 dxc5 18. Ne3 Rd8 19. Na3 Nd3 20. Kg1 Nxb2 21. Rxd8+ Rxd8 22. Rb1 Na4 23. Rd1 Rxd1+ 24. Nxd1 e6 25. c4 b4 26. Nc2 Nb6 27. Nce3 Nfd7 28. Be7 Bd4 29. Kf1 Ne5 30. Ke2 Nbxc4 31. f4 Nxe3 32. Nxe3 Nc6 33. Bd6 c4 34. Nxc4 1/2-1/2

[Event "Winnipeg Grand Prix final"]
[Site "Winnipeg"]
[Date "2009.11.24"]
[Round "4"]
[White "Greenberg, Harley"]
[Black "Czypinski, Jaroslaw"]
[Result "0-1"]
[WhiteElo "1728"]
[BlackElo "1862"]
[PlyCount "74"]
[EventDate "2009.11.03"]
[EventType "swiss"]
[EventRounds "6"]
[EventCountry "CAN"]
[SourceTitle "EXT 2011"]
[Source "ChessBase"]
[SourceDate "2010.11.26"]
[SourceVersion "1"]
[SourceVersionDate "2010.11.26"]
[SourceQuality "1"]

1. d4 d5 2. c4 Nc6 3. Nc3 Nf6 4. Nf3 Bg4 5. cxd5 Bxf3 6. gxf3 Nxd5 7. Bg2 e6 8. 0-0 Bd6 9. Nxd5 exd5 10. e4 dxe4 11. fxe4 Nxd4 12. e5 Bc5 13. Qg4 Qd7 14. Qxd7+ Kxd7 15. Rd1 Ke6 16. Bxb7 Rab8 17. Ba6 Nf3+ 18. Kg2 Nxe5 19. f4 Rb6 20. Re1 Rxa6 21. Rxe5+ Kd6 22. a3 Rb6 23. Rxc5 Kxc5 24. Be3+ Kd5 25. Bxb6 axb6 26. Rd1+ Ke6 27. Kf3 h6 28. h4 Ra8 29. Rd3 Ra5 30. Rc3 Ra7 31. b4 b5 32. Ke4 g6 33. Rc6+ Kd7 34. Rc3 Ra6 35. Rd3+ Ke6 36. Rc3 Ke7 37. Rd3 Rd6 0-1

[Event "Winnipeg Grand Prix final"]
[Site "Winnipeg"]
[Date "2009.11.10"]
[Round "2"]
[White "Greenberg, Harley"]
[Black "Green, Jim"]
[Result "0-1"]
[WhiteElo "1728"]
[BlackElo "1782"]
[PlyCount "46"]
[EventDate "2009.11.03"]
[EventType "swiss"]
[EventRounds "6"]
[EventCountry "CAN"]
[SourceTitle "EXT 2011"]
[Source "ChessBase"]
[SourceDate "2010.11.26"]
[SourceVersion "1"]
[SourceVersionDate "2010.11.26"]
[SourceQuality "1"]

1. d4 d5 2. c4 c6 3. Nf3 Nf6 4. Nc3 a6 5. e3 g6 6. Ne5 Nbd7 7. f4 Bg7 8. Be2 0-0 9. 0-0 e6 10. Bd2 Ne4 11. Nxe4 dxe4 12. Qc2 f5 13. Rad1 g5 14. g3 g4 15. Bc3 Nf6 16. d5 exd5 17. cxd5 Nxd5 18. Bc4 Be6 19. Qb3 Qc7 20. Bd4 b5 21. Be2 Nxf4 22. Qc2 Nxe2+ 23. Qxe2 Bxe5 0-1

[Event "Winnipeg TNT September op"]
[Site "Winnipeg"]
[Date "2009.09.22"]
[Round "3"]
[White "Greenberg, Harley"]
[Black "Evans, Brian"]
[Result "0-1"]
[WhiteElo "1750"]
[BlackElo "1588"]
[PlyCount "34"]
[EventDate "2009.09.01"]
[EventType "swiss"]
[EventRounds "4"]
[EventCountry "CAN"]
[SourceTitle "EXT 2011"]
[Source "ChessBase"]
[SourceDate "2010.11.26"]
[SourceVersion "1"]
[SourceVersionDate "2010.11.26"]
[SourceQuality "1"]

1. e4 c5 2. Nf3 d6 3. d4 cxd4 4. Nxd4 Nf6 5. Nc3 a6 6. h3 e6 7. g4 Be7 8. Bg2 Qc7 9. 0-0 Nc6 10. Be3 0-0 11. g5 Ne8 12. h4 f6 13. Bh3 Nxd4 14. Bxd4 fxg5 15. hxg5 Bxg5 16. Qh5 Bf6 17. e5 dxe5 0-1

[Event "Winnipeg TNT June op"]
[Site "Winnipeg"]
[Date "2009.06.09"]
[Round "2"]
[White "Kaptsan, Aron"]
[Black "Greenberg, Harley"]
[Result "1/2-1/2"]
[WhiteElo "2052"]
[BlackElo "1744"]
[PlyCount "59"]
[EventDate "2009.06.02"]
[EventType "swiss"]
[EventRounds "4"]
[EventCountry "CAN"]
[SourceTitle "EXT 2011"]
[Source "ChessBase"]
[SourceDate "2010.11.26"]
[SourceVersion "1"]
[SourceVersionDate "2010.11.26"]
[SourceQuality "1"]

1. d4 Nf6 2. Nf3 e6 3. c4 c5 4. d5 exd5 5. cxd5 d6 6. Nc3 g6 7. g3 Bg7 8. Bg2 0-0 9. 0-0 Re8 10. Nd2 Nbd7 11. a4 a5 12. h3 Nb6 13. Kh2 Bd7 14. Re1 Re7 15. Nde4 Nxe4 16. Nxe4 Re5 17. Bf4 g5 18. Bxe5 Bxe5 19. Nc3 g4 20. hxg4 Bxg4 21. Qd2 Qh4+ 22. Kg1 Qh5 23. f4 Nc4 24. Qc1 Bd4+ 25. e3 Nxe3 26. Rxe3 Re8 27. Nd1 Bxd1 28. Qxd1 Qxd1+ 29. Rxd1 Rxe3 30. Kh2 1/2-1/2

[Event "Winnipeg TNT June op"]
[Site "Winnipeg"]
[Date "2009.06.02"]
[Round "1"]
[White "Greenberg, Harley"]
[Black "Wiebe, Isaac"]
[Result "1-0"]
[WhiteElo "1744"]
[BlackElo "1504"]
[PlyCount "70"]
[EventDate "2009.06.02"]
[EventType "swiss"]
[EventRounds "4"]
[EventCountry "CAN"]
[SourceTitle "EXT 2011"]
[Source "ChessBase"]
[SourceDate "2010.11.26"]
[SourceVersion "1"]
[SourceVersionDate "2010.11.26"]
[SourceQuality "1"]

1. e4 c5 2. Nf3 e6 3. d4 cxd4 4. Nxd4 a6 5. Nc3 Qc7 6. Bd3 Bc5 7. Nb3 Ba7 8. 0-0 Nc6 9. Qe2 Nf6 10. Be3 Bb8 11. f4 d6 12. Rae1 b5 13. Kh1 Bb7 14. Nd5 exd5 15. exd5 Ne7 16. Bb6 Nfg8 17. Bxc7 Bxc7 18. Bxb5+ Kf8 19. Ba4 Bxd5 20. Nd4 Rb8 21. Nc6 Nxc6 22. c4 Be6 23. Bxc6 Ne7 24. Bd7 Ba5 25. f5 Bxe1 26. fxe6 f6 27. Rxe1 g6 28. Qd2 Kg7 29. Qxd6 Nf5 30. Qc7 Rxb2 31. e7 Nd6 32. e8Q Nxe8 33. Bxe8+ Kh6 34. Qf4+ Kg7 35. Qe3 Rb7 1-0

[Event "Albert Boxer Classic op"]
[Site "Winnipeg"]
[Date "2009.05.31"]
[Round "4"]
[White "Gannon, Keith"]
[Black "Greenberg, Harley"]
[Result "0-1"]
[WhiteElo "1598"]
[BlackElo "1762"]
[PlyCount "62"]
[EventDate "2009.05.29"]
[EventType "swiss"]
[EventRounds "5"]
[EventCountry "CAN"]
[SourceTitle "EXT 2011"]
[Source "ChessBase"]
[SourceDate "2010.11.26"]
[SourceVersion "1"]
[SourceVersionDate "2010.11.26"]
[SourceQuality "1"]

1. e4 c5 2. Nf3 Nc6 3. d4 cxd4 4. Nxd4 e5 5. Nf3 Nf6 6. Bd3 Bc5 7. 0-0 0-0 8. Nc3 h6 9. a3 a6 10. Bd2 d6 11. h3 Be6 12. Re1 Rc8 13. Be3 Nd4 14. Bxd4 exd4 15. Ne2 Nd7 16. Nexd4 Qf6 17. c3 Ne5 18. Nxe5 dxe5 19. Nf3 g5 20. Qe2 g4 21. hxg4 Bxg4 22. b4 Ba7 23. c4 Bd4 24. Rab1 Kh8 25. Rb3 Rg8 26. Bb1 Bh3 27. Nxe5 Rxg2+ 28. Kh1 Rxf2 29. Qh5 Rf1+ 30. Kh2 Rxe1 31. Qxh3 Bg1+ 0-1

[Event "Albert Boxer Classic op"]
[Site "Winnipeg"]
[Date "2009.05.31"]
[Round "5"]
[White "Rutter, Blair A"]
[Black "Greenberg, Harley"]
[Result "1-0"]
[WhiteElo "1808"]
[BlackElo "1762"]
[PlyCount "64"]
[EventDate "2009.05.29"]
[EventType "swiss"]
[EventRounds "5"]
[EventCountry "CAN"]
[SourceTitle "EXT 2011"]
[Source "ChessBase"]
[SourceDate "2010.11.26"]
[SourceVersion "1"]
[SourceVersionDate "2010.11.26"]
[SourceQuality "1"]

1. c4 e5 2. Nc3 Nf6 3. g3 Bb4 4. Qc2 Nc6 5. e3 d5 6. cxd5 Nxd5 7. Bg2 Be6 8. Nge2 0-0 9. 0-0 Nxc3 10. bxc3 Ba5 11. Ba3 Re8 12. Rad1 Bc4 13. d3 Bd5 14. e4 Be6 15. d4 Bc4 16. dxe5 Qg5 17. f4 Qg6 18. Rfe1 Bb6+ 19. Kh1 Bf2 20. Rf1 Bxg3 21. Nxg3 Bxf1 22. Rxf1 Rad8 23. Bc5 b6 24. Be3 Na5 25. Bf3 Nc4 26. Bc1 Qc6 27. Nf5 Qc5 28. Nd4 Nxe5 29. fxe5 Rxd4 30. Be3 Qc4 31. Be2 Rd2 32. Qxd2 Qxe4+ 1-0

[Event "Albert Boxer Classic op"]
[Site "Winnipeg"]
[Date "2009.05.30"]
[Round "2"]
[White "Araullo, Paolo"]
[Black "Greenberg, Harley"]
[Result "1-0"]
[WhiteElo "1967"]
[BlackElo "1762"]
[PlyCount "59"]
[EventDate "2009.05.29"]
[EventType "swiss"]
[EventRounds "5"]
[EventCountry "CAN"]
[SourceTitle "EXT 2011"]
[Source "ChessBase"]
[SourceDate "2010.11.26"]
[SourceVersion "1"]
[SourceVersionDate "2010.11.26"]
[SourceQuality "1"]

1. e4 c5 2. Nf3 Nc6 3. d4 cxd4 4. Nxd4 e5 5. Nb5 d6 6. N1c3 a6 7. Na3 Be6 8. Be2 Nge7 9. Nd5 Nxd5 10. exd5 Qa5+ 11. Bd2 Qxd5 12. 0-0 Nd4 13. Bc4 Qc6 14. Bxe6 Nxe6 15. f4 Be7 16. f5 Nd4 17. Qg4 Bf6 18. Rfe1 Nxc2 19. Nxc2 Qxc2 20. Bc3 0-0 21. Rad1 b5 22. Rxd6 Qa4 23. Re4 h5 24. Rxa4 hxg4 25. Rxg4 Be7 26. Rd7 Bc5+ 27. Kf1 Rfe8 28. Rd5 b4 29. Bxe5 f6 30. Bxf6 1-0

[Event "Winnipeg February Sect-A"]
[Site "Winnipeg"]
[Date "2009.02.22"]
[Round "4"]
[White "Greenberg, Harley"]
[Black "Atem, James"]
[Result "1-0"]
[WhiteElo "1760"]
[BlackElo "1835"]
[PlyCount "63"]
[EventDate "2009.02.22"]
[EventType "tourn"]
[EventRounds "5"]
[EventCountry "CAN"]
[SourceTitle "EXT 2019"]
[Source "ChessBase"]
[SourceDate "2018.10.10"]
[SourceVersion "1"]
[SourceVersionDate "2018.10.10"]
[SourceQuality "1"]

1. e4 d6 2. d4 g6 3. Nc3 Bg7 4. Be3 Nf6 5. Qd2 Nc6 6. 0-0-0 0-0 7. f3 e5 8. d5 Ne7 9. g4 Bd7 10. h4 Nc8 11. h5 c6 12. hxg6 fxg6 13. dxc6 bxc6 14. Bc4+ Kh8 15. Nh3 Nb6 16. Bb3 d5 17. Ng5 d4 18. Nxh7 Nh5 19. Nxf8 Qxf8 20. gxh5 dxe3 21. hxg6+ Bh6 22. Qxe3 Qf4 23. Rxh6+ Kg7 24. Qxf4 exf4 25. Rh7+ Kxg6 26. Rhxd7 Nxd7 27. Rxd7 a5 28. Rd6+ Kg5 29. Rxc6 Kh4 30. Bd5 Kg3 31. Rg6+ Kf2 32. Bxa8 1-0

[Event "Winnipeg Grand Prix op-B"]
[Site "Winnipeg"]
[Date "2008.11.04"]
[Round "1"]
[White "Greenberg, Harley"]
[Black "Green, Jim"]
[Result "0-1"]
[WhiteElo "1772"]
[BlackElo "1754"]
[PlyCount "64"]
[EventDate "2008.11.04"]
[EventType "tourn"]
[EventRounds "6"]
[EventCountry "CAN"]
[SourceTitle "EXT 2011"]
[Source "ChessBase"]
[SourceDate "2010.11.26"]
[SourceVersion "1"]
[SourceVersionDate "2010.11.26"]
[SourceQuality "1"]

1. d4 d5 2. c4 c6 3. Nc3 Nf6 4. Nf3 a6 5. c5 Nbd7 6. Qc2 g6 7. Bg5 Bg7 8. e3 0-0 9. Bd3 Re8 10. 0-0-0 e5 11. dxe5 Nxe5 12. Nxe5 Rxe5 13. f4 Rxe3 14. f5 Rxd3 15. Qxd3 Bxf5 16. Qe3 Qd7 17. Bxf6 Bxf6 18. Ne4 Bg7 19. Nd6 Be6 20. h3 Qc7 21. g4 b6 22. Rhg1 bxc5 23. Nf5 d4 24. Qg5 Bxf5 25. gxf5 h6 26. Qg2 Qf4+ 27. Rd2 Qxf5 28. Rf1 Qe6 29. b3 Re8 30. Rdf2 Qe3+ 31. Kb1 Qd3+ 32. Kc1 Qc3+ 0-1

[Event "Winnipeg Anderson Memorial"]
[Site "Winnipeg"]
[Date "2008.09.21"]
[Round "1"]
[White "Green, Leah"]
[Black "Greenberg, Harley"]
[Result "0-1"]
[WhiteElo "1168"]
[BlackElo "1754"]
[PlyCount "44"]
[EventDate "2008.09.21"]
[EventType "swiss"]
[EventRounds "5"]
[EventCountry "CAN"]
[SourceTitle "EXT 2011"]
[Source "ChessBase"]
[SourceDate "2010.11.26"]
[SourceVersion "1"]
[SourceVersionDate "2010.11.26"]
[SourceQuality "1"]

1. e4 a6 2. Nf3 c5 3. d4 cxd4 4. Nxd4 e5 5. Nf3 Nc6 6. Nc3 Nf6 7. Bc4 Bb4 8. a3 Bxc3+ 9. bxc3 Qc7 10. 0-0 0-0 11. Re1 Na5 12. Bd3 b5 13. Bd2 Bb7 14. Rb1 Nc4 15. Bxc4 bxc4 16. Rb2 Nxe4 17. Ng5 Nxg5 18. Bxg5 Qc6 19. f3 d5 20. Rxe5 f6 21. Re7 Qc5+ 22. Kf1 Qxe7 0-1

[Event "Yanofsky Memorial op"]
[Site "Winnipeg"]
[Date "2008.08.30"]
[Round "2"]
[White "Schulz, Waldemar"]
[Black "Greenberg, Harley"]
[Result "1-0"]
[WhiteElo "2054"]
[BlackElo "1730"]
[PlyCount "113"]
[EventDate "2008.08.29"]
[EventType "swiss"]
[EventRounds "5"]
[EventCountry "CAN"]
[SourceTitle "EXT 2011"]
[Source "ChessBase"]
[SourceDate "2010.11.26"]
[SourceVersion "1"]
[SourceVersionDate "2010.11.26"]
[SourceQuality "1"]

1. Nf3 Nf6 2. g3 g6 3. Bg2 Bg7 4. 0-0 0-0 5. c4 c5 6. Nc3 d6 7. d4 Na6 8. b3 cxd4 9. Nxd4 Qa5 10. Ncb5 Nc7 11. Bd2 Qb6 12. Nxc7 Qxc7 13. Nb5 Qc5 14. Bc3 a6 15. Bd4 Qh5 16. Nc7 Rb8 17. Nd5 Nxd5 18. Bxd5 Bh3 19. Bf3 Qg5 20. Bxg7 Kxg7 21. Re1 Bd7 22. Qd4+ Kg8 23. Red1 Rfc8 24. Qa7 Bc6 25. Bxc6 bxc6 26. Qxa6 Qe5 27. c5 Qxc5 28. Rdc1 Qb5 29. Qxb5 cxb5 30. Kf1 Kg7 31. Ke1 Kf6 32. Kd2 Ke5 33. Rc3 b4 34. Re3+ Kf6 35. a4 bxa3 36. Rxa3 Rc7 37. Rc3 Rc5 38. Ra7 Rxc3 39. Kxc3 Rc8+ 40. Kb2 Rb8 41. Ka3 Rc8 42. Kb2 Rb8 43. Rc7 d5 44. Rc6+ Ke5 45. Kc3 e6 46. Rc7 Kf6 47. b4 e5 48. Kb3 Rb6 49. Rc2 Kf5 50. Ka4 Rb7 51. b5 d4 52. f3 e4 53. fxe4+ Kxe4 54. Ka5 Rb8 55. b6 Ra8+ 56. Kb5 Ra3 57. Rb2 1-0

[Event "Winnipeg TNT August op"]
[Site "Winnipeg"]
[Date "2008.08.26"]
[Round "4"]
[White "Greenberg, Harley"]
[Black "Rutter, Blair A"]
[Result "0-1"]
[WhiteElo "1709"]
[BlackElo "1875"]
[PlyCount "96"]
[EventDate "2008.08.05"]
[EventType "swiss"]
[EventRounds "4"]
[EventCountry "CAN"]
[SourceTitle "EXT 2011"]
[Source "ChessBase"]
[SourceDate "2010.11.26"]
[SourceVersion "1"]
[SourceVersionDate "2010.11.26"]
[SourceQuality "1"]

1. d4 e6 2. c4 f5 3. Nf3 Nf6 4. g3 Be7 5. Bg2 0-0 6. 0-0 c6 7. c5 Na6 8. Nc3 d6 9. cxd6 Bxd6 10. a3 Nc7 11. b4 Qe7 12. Bb2 Bd7 13. Ne5 Rae8 14. Rc1 Ncd5 15. Qd2 Bxe5 16. dxe5 Ng4 17. Qd4 Rd8 18. h3 Nh6 19. f4 b6 20. e4 fxe4 21. Bxe4 Nf5 22. Bxf5 Rxf5 23. Ne4 Nc7 24. Nd6 Rff8 25. a4 Na6 26. Qc4 Nc7 27. Rfd1 Nd5 28. Bd4 Nxf4 29. Kh2 Nd5 30. a5 b5 31. Qb3 a6 32. Bc5 Qg5 33. Re1 Qd2+ 34. Kh1 Qh6 35. h4 Qh5 36. Rf1 Qxe5 37. Nb7 Qe4+ 38. Kg1 Rxf1+ 39. Rxf1 Rb8 40. Bd6 Rc8 41. Nc5 Qd4+ 42. Kh1 Nf6 43. Be7 Qd5+ 44. Qxd5 Nxd5 45. Bd6 Nf6 46. Be7 Be8 47. Nxe6 Bf7 48. Nxg7 Ne4 0-1